00226pam a2200097 a 4500020000500000041000800005100001800013245004200031260004500073300001000118 c aeng aWilliams K.W. aLiterary CristianshTextual Documents aNew DelhibOxford University Pressc1967 a755p.